| 000 | 00489nam a2200169Ia 4500 | ||
|---|---|---|---|
| 999 |
_c21627 _d21627 |
||
| 003 | OSt | ||
| 005 | 20200605151240.0 | ||
| 008 | 190216s9999||||xx |||||||||||||| ||und|| | ||
| 020 | _a9788178243511 | ||
| 040 | _coclc | ||
| 082 |
_a320.954 _bCHA/E |
||
| 100 |
_a Chatterjee, Partha _92559 |
||
| 245 | 0 |
_aEmpire And Nation / _cPartha Chatterjee |
|
| 260 |
_bPermanent Black, _c2012. _aNew Delhi: |
||
| 300 | _a367p | ||
| 942 |
_cBK _2ddc _h320.954 _iCHA/E _k320.954 _mCHA/E |
||